000 00706nam a2200229Ia 4500
003 GCL
008 140319s9999 xx 000 0 ara d
040 _aGCL /
_cGCL
082 0 4 _a374.01
_bض ت
100 1 _aضياء الدين زاهر
245 1 0 _aتعليم الكبار: منظور استراتيجى /
_cضياء الدين زاهر
260 _a[S.N] :
_bدار سعاد الصباح ،
_c1993
300 _a359 ص
490 _aدراسات فى التربية
_v0
650 0 4 _aمصر
650 0 4 _aالتعليم
650 0 4 _aالتربية
650 0 4 _aمحو الامية
650 0 4 _aالمدارس الليلية
650 0 4 _aالتدريب المهنى
942 _2ddc
_cBK
999 _c29628
_d29628